[Event "GRE-chT 49th"]
[Site "Thessaloniki"]
[Date "2022.08.17"]
[Round "7.7"]
[White "Trabert, Bettina"]
[Black "Kubicka, Anna"]
[Result "1/2-1/2"]
[WhiteElo "2257"]
[BlackElo "2237"]
[PlyCount "88"]
[EventDate "2022.08.12"]
[EventType "team-swiss"]
[EventRounds "7"]
[EventCountry "GRE"]
[SourceTitle "CBM 209 Extra"]
[Source "ChessBase"]
[SourceDate "2022.09.30"]
[SourceVersion "1"]
[SourceVersionDate "2022.09.30"]
[SourceQuality "1"]
[WhiteTeam "Kerkeras"]
[BlackTeam "OFI"]
[WhiteTeamCountry "GRE"]
[BlackTeamCountry "GRE"]

1. e4 c5 2. Nf3 d6 3. d4 cxd4 4. Nxd4 Nf6 5. Nc3 a6 6. h3 e5 7. Nb3 Be7 8. Be3 Be6 9. f4 exf4 10. Bxf4 Nc6 11. Qe2 Nd7 12. 0-0-0 Qc7 13. Kb1 0-0 14. g4 Rac8 15. g5 Nde5 16. Qg2 Na5 17. h4 Nac4 18. Nd5 Bxd5 19. Rxd5 Qb6 20. Rh3 Rc5 21. c3 Rxd5 22. exd5 Re8 23. h5 Bf8 24. Bc1 g6 25. hxg6 hxg6 26. Qe4 Qc7 27. Nd4 Qc8 28. Qh4 Bg7 29. Rh2 Qg4 30. Qh7+ Kf8 31. Bxc4 Qe4+ 32. Ka1 Nxc4 33. Ne6+ Rxe6 34. dxe6 Na3 35. bxa3 Bxc3+ 36. Rb2 Bxb2+ 37. Kxb2 Qd4+ 38. Kc2 Qc4+ 39. Kd2 Qd5+ 40. Kc3 Qc5+ 41. Kb2 Qd4+ 42. Kc2 Qc4+ 43. Kb2 Qd4+ 44. Kc2 Qc4+ 1/2-1/2

[Event "GRE-chT 49th"]
[Site "Thessaloniki"]
[Date "2022.08.13"]
[Round "3.6"]
[White "Trabert, Bettina"]
[Black "Lubbe, Melanie"]
[Result "1-0"]
[WhiteElo "2257"]
[BlackElo "2353"]
[PlyCount "139"]
[EventDate "2022.08.12"]
[EventType "team-swiss"]
[EventRounds "7"]
[EventCountry "GRE"]
[SourceTitle "CBM 209 Extra"]
[Source "ChessBase"]
[SourceDate "2022.09.30"]
[SourceVersion "1"]
[SourceVersionDate "2022.09.30"]
[SourceQuality "1"]
[WhiteTeam "Kerkeras"]
[BlackTeam "Panionios YS"]
[WhiteTeamCountry "GRE"]
[BlackTeamCountry "GRE"]

1. e4 c5 2. Nf3 e6 3. d4 cxd4 4. Nxd4 Nf6 5. Nc3 Nc6 6. Ndb5 Bc5 7. Nd6+ Ke7 8. Bf4 e5 9. Nf5+ Kf8 10. Be3 Bb4 11. a3 Bxc3+ 12. bxc3 d5 13. Bc5+ Kg8 14. exd5 Nxd5 15. Bc4 Bxf5 16. Bxd5 Qa5 17. Bb4 Qc7 18. 0-0 Rd8 19. Qf3 Bxc2 20. Rac1 e4 21. Bxe4 Ne5 22. Qf4 Bxe4 23. Qxe4 a5 24. Rcd1 f6 25. Rxd8+ Qxd8 26. Bc5 Qd7 27. f4 Nc6 28. f5 Ne5 29. Rb1 h6 30. h3 b5 31. Qa8+ Kh7 32. Qxa5 Qxf5 33. Qxb5 Qe4 34. Bd4 Nc4 35. Ra1 Rc8 36. Qh5 Ra8 37. a4 Rb8 38. Qf3 Qc2 39. Qd1 Qe4 40. Qf3 Rb1+ 41. Rxb1 Qxb1+ 42. Qf1 Qa2 43. Qd1 Kh8 44. Kh2 Kh7 45. h4 Kh8 46. Kg3 Kh7 47. Kh3 Kh8 48. h5 Kh7 49. Qd3+ Kh8 50. Qd1 Kh7 51. Bxf6 gxf6 52. Qd7+ Kg8 53. Qe8+ Kg7 54. Qe7+ Kg8 55. Qe8+ Kg7 56. Qg6+ Kf8 57. Qxf6+ Ke8 58. Qe6+ Kd8 59. Qxh6 Qxa4 60. Qh8+ Ke7 61. Qg7+ Ke6 62. h6 Qb5 63. Qg6+ Ke7 64. Qg7+ Ke6 65. Qg4+ Ke7 66. h7 Ne5 67. Qg5+ Kf7 68. h8Q Qd3+ 69. Kh2 Nf3+ 70. gxf3 1-0

[Event "Verbandsliga Suedbaden 1617"]
[Site "Baden"]
[Date "2016.10.23"]
[Round "2.1"]
[White "Lerch, Patrice"]
[Black "Trabert, Bettina"]
[Result "1-0"]
[WhiteElo "2387"]
[BlackElo "2278"]
[PlyCount "125"]
[EventDate "2016.10.09"]
[EventType "team-tourn"]
[EventRounds "9"]
[EventCountry "GER"]
[SourceTitle "EXT 2022"]
[Source "ChessBase"]
[SourceDate "2021.10.06"]
[SourceVersion "1"]
[SourceVersionDate "2021.10.06"]
[SourceQuality "1"]
[WhiteTeam "Lahr"]
[BlackTeam "Zaehringen"]
[WhiteTeamCountry "GER"]
[BlackTeamCountry "GER"]

1. e4 e5 2. Bc4 Nf6 3. d3 Nc6 4. Nf3 Bc5 5. 0-0 0-0 6. c3 d6 7. a4 a6 8. Na3 Ba7 9. Bg5 h6 10. Bh4 Ne7 11. Bxf6 gxf6 12. Nh4 Kg7 13. Qh5 Qd7 14. h3 f5 15. Rfd1 c6 16. a5 d5 17. Bb3 Qe6 18. Nc2 fxe4 19. dxe4 Qf6 20. Nf3 dxe4 21. Nxe5 Qxf2+ 22. Kh1 Qf5 23. Qxf5 Bxf5 24. g4 Bc8 25. Nd4 c5 26. Ne2 f5 27. Ng3 Kf6 28. Nd7+ Bxd7 29. Rxd7 Rfe8 30. Nxf5 Nxf5 31. Rf7+ Kg6 32. gxf5+ Kg5 33. Rg7+ Kxf5 34. Ba4 Rg8 35. Rf1+ Ke5 36. Re7+ Kd6 37. Rxb7 c4 38. Rd1+ Ke6 39. Bc6 Rg3 40. Bd5+ Kf6 41. Rf7+ Kg6 42. Rdf1 Rb8 43. Bxe4+ Kh5 44. R1f5+ Rg5 45. Rxg5+ Kxg5 46. Rxa7 Rxb2 47. Rf7 Ra2 48. Rf5+ Kh4 49. Bg2 Ra3 50. Rf4+ Kg3 51. Rg4+ Kf2 52. Rxc4 Rxa5 53. Rf4+ Kg3 54. Rf3+ Kh4 55. Kh2 Ra2 56. Rf4+ Kg5 57. Rg4+ Kf6 58. Kg3 Rc2 59. Rc4 a5 60. Bc6 Ke5 61. Kh4 Rh2 62. Ba4 Kd5 63. Rc6 1-0

[Event "Oberliga Baden 1314"]
[Site "Germany"]
[Date "2014.04.06"]
[Round "9.3"]
[White "Friedrich, Norbert"]
[Black "Trabert, Bettina"]
[Result "1/2-1/2"]
[WhiteElo "2311"]
[BlackElo "2277"]
[PlyCount "32"]
[EventDate "2013.10.13"]
[EventType "team-tourn"]
[EventRounds "9"]
[EventCountry "GER"]
[SourceTitle "EXT 2015"]
[Source "ChessBase"]
[SourceDate "2014.11.20"]
[SourceVersion "1"]
[SourceVersionDate "2014.11.20"]
[SourceQuality "1"]
[WhiteTeam "Waldshut"]
[BlackTeam "Zaehringen"]
[WhiteTeamCountry "GER"]
[BlackTeamCountry "GER"]

1. e4 e5 2. Nf3 Nc6 3. Nc3 Nf6 4. d4 exd4 5. Nxd4 Bb4 6. Nxc6 bxc6 7. Bd3 d5 8. exd5 cxd5 9. 0-0 0-0 10. Bg5 c6 11. Qf3 Rb8 12. Ne2 Bg4 13. Bxf6 Bxf3 14. Bxd8 Bxe2 15. Bxe2 Rfxd8 16. Rfd1 Bd6 1/2-1/2

[Event "Bad Woerishofen op 25th"]
[Site "Bad Woerishofen"]
[Date "2009.03.11"]
[Round "7"]
[White "Trabert, Bettina"]
[Black "Babar, Michael"]
[Result "0-1"]
[WhiteElo "2306"]
[BlackElo "2178"]
[PlyCount "100"]
[EventDate "2009.03.05"]
[EventType "swiss"]
[EventRounds "9"]
[EventCountry "GER"]
[SourceTitle "CBM 129 Extra"]
[Source "ChessBase"]
[SourceDate "2009.05.05"]
[SourceVersion "2"]
[SourceVersionDate "2009.05.20"]
[SourceQuality "1"]

1. e4 e5 2. Nf3 Nc6 3. Nc3 Nf6 4. d4 exd4 5. Nxd4 Bb4 6. Nxc6 bxc6 7. Bd3 d5 8. exd5 Qe7+ 9. Qe2 Qxe2+ 10. Kxe2 Nxd5 11. Ne4 0-0 12. a3 Be7 13. Re1 f5 14. Ng5 h6 15. Nf3 Bf6 16. Kf1 a5 17. Ne5 Re8 18. f4 Bxe5 19. fxe5 Be6 20. b3 a4 21. Bc4 Nc3 22. Bxe6+ Rxe6 23. Bb2 Ne4 24. Rad1 Rb8 25. Re3 h5 26. Ba1 c5 27. bxa4 Ra8 28. Rd7 Rxa4 29. Rxc7 Rc4 30. Re2 Rb6 31. e6 Rb1+ 32. Re1 Nd2+ 33. Ke2 Re4+ 34. Kxd2 Rbxe1 35. Rxg7+ Kf8 36. Bb2 Rxe6 37. Rg5 R1e2+ 38. Kd1 Ke7 39. Rxf5 Rxg2 40. Rxh5 Rd6+ 41. Ke1 Rxc2 42. Re5+ Re6 43. Rxe6+ Kxe6 44. Bg7 Rxh2 45. Kd1 Ra2 46. Kc1 Rxa3 47. Kc2 Rh3 48. Bc3 Kd5 49. Kb3 Rf3 50. Kc2 Kc4 0-1

[Event "Bad Woerishofen op 25th"]
[Site "Bad Woerishofen"]
[Date "2009.03.07"]
[Round "3"]
[White "Trabert, Bettina"]
[Black "Berchtenbreiter, Maximilian"]
[Result "1/2-1/2"]
[WhiteElo "2306"]
[BlackElo "2142"]
[PlyCount "41"]
[EventDate "2009.03.05"]
[EventType "swiss"]
[EventRounds "9"]
[EventCountry "GER"]
[SourceTitle "CBM 129 Extra"]
[Source "ChessBase"]
[SourceDate "2009.05.05"]
[SourceVersion "2"]
[SourceVersionDate "2009.05.20"]
[SourceQuality "1"]

1. e4 c5 2. Nf3 Nf6 3. e5 Nd5 4. c3 e6 5. d4 d6 6. c4 Nb4 7. a3 N4c6 8. exd6 Qxd6 9. Nc3 Nxd4 10. Nxd4 Qxd4 11. Qxd4 cxd4 12. Nb5 Na6 13. Nxd4 Bd7 14. Be3 Nc7 15. f4 Bd6 16. Be2 e5 17. fxe5 Bxe5 18. Bf3 0-0-0 19. 0-0 Rhe8 20. Nc2 Be6 21. Bxa7 1/2-1/2

[Event "Oberliga Baden 0809"]
[Site "Germany"]
[Date "2009.01.18"]
[Round "5.4"]
[White "Trabert, Bettina"]
[Black "Martin, Stefan"]
[Result "0-1"]
[WhiteElo "2289"]
[BlackElo "2250"]
[PlyCount "108"]
[EventDate "2008.10.05"]
[EventType "team-tourn"]
[EventRounds "9"]
[EventCountry "GER"]
[SourceTitle "EXT 2010"]
[Source "ChessBase"]
[SourceDate "2010.11.25"]
[SourceVersion "1"]
[SourceVersionDate "2010.11.25"]
[SourceQuality "1"]
[WhiteTeam "Zaehringen"]
[BlackTeam "Viernheim"]
[WhiteTeamCountry "GER"]
[BlackTeamCountry "GER"]

1. e4 c5 2. Nf3 Nc6 3. d4 cxd4 4. Nxd4 Nf6 5. Nc3 d6 6. Bg5 Bd7 7. Qd2 a6 8. 0-0-0 e6 9. f3 Be7 10. h4 b5 11. Nxc6 Bxc6 12. Ne2 h6 13. Be3 h5 14. Nd4 Bb7 15. Bg5 Rc8 16. Kb1 Nd7 17. Bxe7 Qxe7 18. Nb3 d5 19. exd5 Bxd5 20. Re1 Qd6 21. Qd4 0-0 22. Bd3 a5 23. Qe3 a4 24. Nd4 a3 25. Nxb5 Qb4 26. b3 Rc5 27. c3 Qa5 28. b4 Rxb5 29. Bxb5 Qxb5 30. Rc1 Bc4 31. Rhd1 Nf6 32. Ka1 g6 33. Rd2 Kg7 34. Qd4 e5 35. Qd6 Re8 36. Re1 Re6 37. Qd8 Nd5 38. Rc1 Re8 39. Qg5 f6 40. Qg3 Nf4 41. Qf2 Re7 42. Qe3 Nd5 43. Qg1 Nf4 44. Qe3 f5 45. g4 fxg4 46. fxg4 hxg4 47. Rd6 Bd3 48. Rd1 Bf5 49. Qc1 Qa4 50. R1d2 g3 51. Qg1 g2 52. Rb6 Rd7 53. Rxd7+ Qxd7 54. Qe1 Ne2 0-1

[Event "Ancona Adriatico op"]
[Site "Ancona"]
[Date "2009.01.06"]
[Round "6"]
[White "Trabert, Bettina"]
[Black "Stella, Andrea"]
[Result "1/2-1/2"]
[WhiteElo "2306"]
[BlackElo "2273"]
[PlyCount "65"]
[EventDate "2009.01.02"]
[EventType "swiss"]
[EventRounds "9"]
[EventCountry "ITA"]
[SourceTitle "CBM 128 Extra"]
[Source "ChessBase"]
[SourceDate "2009.03.05"]
[SourceVersion "2"]
[SourceVersionDate "2009.03.25"]
[SourceQuality "1"]

1. e4 e6 2. d4 d5 3. Nd2 c5 4. exd5 Qxd5 5. Ngf3 cxd4 6. Bc4 Qd6 7. 0-0 Nf6 8. Nb3 Nc6 9. Nbxd4 Nxd4 10. Nxd4 a6 11. c3 Qc7 12. Bb3 Bd6 13. h3 0-0 14. Bg5 b6 15. Re1 Kh8 16. Bc2 Bh2+ 17. Kh1 Bf4 18. Qf3 Nd5 19. Bxf4 Qxf4 20. Be4 Qh4 21. Bxd5 exd5 22. Re5 Bd7 23. Rxd5 Rad8 24. Re1 Rfe8 25. Rxe8+ Bxe8 26. Rxd8 Qxd8 27. Qe4 a5 28. Kg1 f6 29. Qb7 Kg8 30. a3 h6 31. Qe4 Bf7 32. Nf5 Qd7 33. Nd4 1/2-1/2

[Event "Ancona Adriatico op"]
[Site "Ancona"]
[Date "2009.01.04"]
[Round "3"]
[White "Trabert, Bettina"]
[Black "Madeira, Wagner Martins"]
[Result "1-0"]
[WhiteElo "2306"]
[BlackElo "2212"]
[PlyCount "67"]
[EventDate "2009.01.02"]
[EventType "swiss"]
[EventRounds "9"]
[EventCountry "ITA"]
[SourceTitle "CBM 128 Extra"]
[Source "ChessBase"]
[SourceDate "2009.03.05"]
[SourceVersion "2"]
[SourceVersionDate "2009.03.25"]
[SourceQuality "1"]

1. e4 c5 2. Nf3 Nc6 3. d4 cxd4 4. Nxd4 Nf6 5. Nc3 e5 6. Ndb5 d6 7. Bg5 a6 8. Na3 b5 9. Nd5 Qa5+ 10. Bd2 Qd8 11. Bd3 Nxd5 12. exd5 Ne7 13. c4 bxc4 14. Nxc4 Ng6 15. 0-0 Nf4 16. Bxf4 exf4 17. Qa4+ Qd7 18. Rfe1+ Be7 19. Nxd6+ Kf8 20. Qxd7 Bxd7 21. Ne4 Bb4 22. Rec1 Ke7 23. a3 Bd6 24. Re1 Rhb8 25. b4 a5 26. Nd2+ Kd8 27. Nc4 Bc7 28. d6 Bb6 29. Be4 Ra7 30. Rab1 a4 31. Ne5 f6 32. Nc6+ Bxc6 33. Bxc6 Rd7 34. Rbd1 1-0

[Event "Ancona Adriatico op"]
[Site "Ancona"]
[Date "2009.01.02"]
[Round "1"]
[White "Trabert, Bettina"]
[Black "Iordachescu, Viorel"]
[Result "0-1"]
[WhiteElo "2306"]
[BlackElo "2584"]
[PlyCount "64"]
[EventDate "2009.01.02"]
[EventType "swiss"]
[EventRounds "9"]
[EventCountry "ITA"]
[SourceTitle "CBM 128 Extra"]
[Source "ChessBase"]
[SourceDate "2009.03.05"]
[SourceVersion "2"]
[SourceVersionDate "2009.03.25"]
[SourceQuality "1"]

1. e4 c5 2. Nf3 e6 3. d4 cxd4 4. Nxd4 a6 5. Bd3 Ne7 6. 0-0 Nbc6 7. Nxc6 Nxc6 8. c4 Bc5 9. Nc3 d6 10. Bf4 e5 11. Bd2 0-0 12. Qh5 Bd4 13. Rab1 Nb4 14. Be2 Be6 15. a3 Nc6 16. Nd5 f5 17. Bd3 f4 18. Kh1 Rf7 19. f3 Qd7 20. Bc3 Raf8 21. Bxd4 Nxd4 22. Qh4 Kh8 23. Rbc1 Rg8 24. b4 g5 25. Qe1 g4 26. fxg4 Rxg4 27. Rf2 Qd8 28. c5 dxc5 29. Rxc5 Qh4 30. Rc7 f3 31. Rxf7 Rxg2 32. Rf8+ Kg7 0-1

[Event "Turin Scaccomatto op"]
[Site "Turin"]
[Date "2008.12.08"]
[Round "9"]
[White "Hera, Imre Jr"]
[Black "Trabert, Bettina"]
[Result "1-0"]
[WhiteElo "2530"]
[BlackElo "2289"]
[PlyCount "91"]
[EventDate "2008.12.01"]
[EventType "swiss"]
[EventRounds "9"]
[EventCountry "ITA"]
[SourceTitle "CBM 127 Extra"]
[Source "ChessBase"]
[SourceDate "2009.01.08"]
[SourceVersion "2"]
[SourceVersionDate "2009.01.28"]
[SourceQuality "1"]

1. Nf3 d5 2. c4 e6 3. d4 c6 4. e3 Nf6 5. b3 Nbd7 6. Bd3 b6 7. 0-0 Bb7 8. Bb2 Be7 9. Nbd2 0-0 10. Qe2 c5 11. Rfd1 Qc7 12. Rac1 Rac8 13. Ne5 dxc4 14. Ndxc4 Rfd8 15. b4 cxd4 16. Nxd7 Qxd7 17. Bxd4 Qd5 18. f3 Qh5 19. a3 Nd5 20. Qf2 Bf6 21. Bxf6 Nxf6 22. Bf1 g6 23. Qg3 Qh6 24. Rxd8+ Rxd8 25. Qc7 Rd7 26. Qb8+ Kg7 27. Qxa7 Nd5 28. Re1 Qh4 29. Rd1 Bc6 30. Qb8 Rb7 31. Qe5+ Qf6 32. e4 Ne7 33. b5 Bd7 34. a4 Nc8 35. g4 g5 36. h4 h6 37. hxg5 hxg5 38. f4 Ne7 39. Qxf6+ Kxf6 40. e5+ Kg7 41. Bg2 Nd5 42. f5 Ra7 43. Bxd5 Rxa4 44. f6+ Kg8 45. Bf3 Bxb5 46. Rd8+ 1-0

[Event "Oberliga Baden 0809"]
[Site "Germany"]
[Date "2008.10.26"]
[Round "2.2"]
[White "Arnold, Lothar"]
[Black "Trabert, Bettina"]
[Result "0-1"]
[WhiteElo "2379"]
[BlackElo "2289"]
[PlyCount "60"]
[EventDate "2008.10.05"]
[EventType "team-tourn"]
[EventRounds "9"]
[EventCountry "GER"]
[SourceTitle "EXT 2010"]
[Source "ChessBase"]
[SourceDate "2010.11.25"]
[SourceVersion "1"]
[SourceVersionDate "2010.11.25"]
[SourceQuality "1"]
[WhiteTeam "Karlsruhe"]
[BlackTeam "Zaehringen"]
[WhiteTeamCountry "GER"]
[BlackTeamCountry "GER"]

1. e4 e5 2. Nf3 Nc6 3. d4 exd4 4. Nxd4 Bb4+ 5. c3 Bc5 6. Nf5 g6 7. Ne3 Nf6 8. Bd3 0-0 9. 0-0 Re8 10. Qc2 Bf8 11. f4 d6 12. Nd2 Bh6 13. b3 d5 14. Nxd5 Nxd5 15. exd5 Qxd5 16. Ne4 Bg7 17. Bb2 Bf5 18. Nf2 Bxd3 19. Nxd3 Rad8 20. Rad1 Qf5 21. Rd2 Re3 22. Ne1 Rxd2 23. Qxd2 Qe4 24. Qc1 Re2 25. Ba1 h5 26. f5 Ne5 27. fxg6 fxg6 28. Qd1 Ng4 29. h3 Qe3+ 30. Kh1 Nf2+ 0-1

[Event "Naujac op"]
[Site "Naujac"]
[Date "2008.06.29"]
[Round "9"]
[White "Trabert, Bettina"]
[Black "Van Delft, Merijn"]
[Result "0-1"]
[WhiteElo "2272"]
[BlackElo "2401"]
[PlyCount "77"]
[EventDate "2008.06.21"]
[EventType "swiss"]
[EventRounds "9"]
[EventCountry "FRA"]
[SourceTitle "CBM 125 Extra"]
[Source "ChessBase"]
[SourceDate "2008.09.01"]
[SourceVersion "1"]
[SourceVersionDate "2008.09.01"]
[SourceQuality "1"]

1. e4 c5 2. Nf3 d6 3. d4 cxd4 4. Nxd4 Nf6 5. Nc3 Bd7 6. Bg5 e6 7. f3 a6 8. Qd2 Be7 9. h4 h6 10. Be3 h5 11. Bg5 Qc7 12. 0-0-0 b5 13. a3 Qb6 14. f4 b4 15. axb4 Qxb4 16. e5 dxe5 17. fxe5 Ng4 18. Bxe7 Qxe7 19. Qf4 Nc6 20. Nxc6 Bxc6 21. Rd6 Qb7 22. Be2 Rb8 23. b3 0-0 24. Bxg4 hxg4 25. Qxg4 Rfc8 26. Kb2 Bd5 27. Nxd5 Rxc2+ 28. Kxc2 Qxb3+ 29. Kd2 Qb2+ 30. Ke3 Qxe5+ 31. Qe4 Qxd6 32. Nc3 Rb4 33. Qa8+ Kh7 34. Rd1 Qc5+ 35. Kd3 Rd4+ 36. Kc2 Rxd1 37. Kxd1 Qxc3 38. Qe4+ g6 39. h5 0-1

[Event "Naujac op"]
[Site "Naujac"]
[Date "2008.06.28"]
[Round "8"]
[White "Trabert, Bettina"]
[Black "Maruejols, Claude"]
[Result "1-0"]
[WhiteElo "2272"]
[BlackElo "2043"]
[PlyCount "71"]
[EventDate "2008.06.21"]
[EventType "swiss"]
[EventRounds "9"]
[EventCountry "FRA"]
[SourceTitle "CBM 125 Extra"]
[Source "ChessBase"]
[SourceDate "2008.09.01"]
[SourceVersion "1"]
[SourceVersionDate "2008.09.01"]
[SourceQuality "1"]

1. e4 c5 2. Nf3 d6 3. d4 cxd4 4. Nxd4 Nf6 5. Nc3 a6 6. g3 e5 7. Nb3 Nbd7 8. a4 b6 9. Bg2 Bb7 10. 0-0 Be7 11. Re1 Rc8 12. Nd2 Rc5 13. Nf1 Qa8 14. Be3 Rxc3 15. bxc3 Nxe4 16. Bxe4 Bxe4 17. Nd2 Bd5 18. c4 Bc6 19. a5 bxa5 20. Rxa5 Bd8 21. Ra2 0-0 22. f3 f5 23. c3 a5 24. Rf1 Bb6 25. Bxb6 Nxb6 26. Qe2 Na4 27. Ra3 Nb6 28. c5 dxc5 29. Qxe5 Nd5 30. Nc4 a4 31. Nd6 g6 32. c4 Nb4 33. Qxc5 Na6 34. Qd4 Rb8 35. Re3 Nc7 36. Re7 1-0

[Event "Naujac op"]
[Site "Naujac"]
[Date "2008.06.25"]
[Round "5"]
[White "Trabert, Bettina"]
[Black "Favarel, Antoine"]
[Result "1-0"]
[WhiteElo "2272"]
[BlackElo "2065"]
[PlyCount "135"]
[EventDate "2008.06.21"]
[EventType "swiss"]
[EventRounds "9"]
[EventCountry "FRA"]
[SourceTitle "CBM 125 Extra"]
[Source "ChessBase"]
[SourceDate "2008.09.01"]
[SourceVersion "1"]
[SourceVersionDate "2008.09.01"]
[SourceQuality "1"]

1. e4 c5 2. Nf3 Nc6 3. c3 Nf6 4. e5 Nd5 5. d4 cxd4 6. Bc4 Nb6 7. Bb3 d5 8. exd6 Qxd6 9. 0-0 Be6 10. Bxe6 Qxe6 11. Nxd4 Nxd4 12. Qxd4 Rd8 13. Qb4 g6 14. Na3 Bg7 15. Bg5 f6 16. Rfe1 Qd6 17. Qxd6 Rxd6 18. Be3 Rd7 19. Bxb6 axb6 20. Re6 Rd6 21. Rxd6 exd6 22. Nc4 Kd7 23. Nxb6+ Kc6 24. Nc4 Ra8 25. a3 Kc5 26. Ne3 f5 27. Rd1 f4 28. Nd5 Be5 29. Kf1 Rf8 30. f3 Kc4 31. Rd2 Kb3 32. Ke2 g5 33. Nb4 Re8 34. Kd1 h5 35. Nd3 Re7 36. Re2 Kc4 37. Kc2 g4 38. b3+ Kb5 39. c4+ Kc6 40. b4 gxf3 41. gxf3 h4 42. Nxf4 Rf7 43. Nd3 Bf4 44. h3 Bg3 45. f4 Rf6 46. b5+ Kb6 47. Nb4 Kc5 48. Nd5 Rf8 49. Kd3 Ra8 50. Ra2 Ra4 51. Rc2 Rxa3+ 52. Ke4 Ra4 53. Ne3 Ra8 54. Rd2 Re8+ 55. Kf3 Re6 56. Rd5+ Kb4 57. Rd4 Kc5 58. Re4 Rf6 59. Nd5 Rf7 60. Kg4 Rf8 61. Kg5 Rf7 62. Kg6 Rf8 63. f5 Rg8+ 64. Kf7 Rg5 65. f6 Rf5 66. Rg4 Bf2 67. Kg6 Rf3 68. f7 1-0

[Event "Naujac op"]
[Site "Naujac"]
[Date "2008.06.24"]
[Round "4"]
[White "Godart, Francois"]
[Black "Trabert, Bettina"]
[Result "1/2-1/2"]
[WhiteElo "2002"]
[BlackElo "2272"]
[PlyCount "47"]
[EventDate "2008.06.21"]
[EventType "swiss"]
[EventRounds "9"]
[EventCountry "FRA"]
[SourceTitle "CBM 125 Extra"]
[Source "ChessBase"]
[SourceDate "2008.09.01"]
[SourceVersion "1"]
[SourceVersionDate "2008.09.01"]
[SourceQuality "1"]

1. d4 d5 2. c4 e6 3. Nc3 c6 4. Nf3 dxc4 5. e4 b5 6. a4 Bb4 7. Bd2 a5 8. axb5 Bxc3 9. Bxc3 cxb5 10. d5 Nf6 11. Bxf6 Qxf6 12. b3 exd5 13. exd5 0-0 14. bxc4 Qc3+ 15. Nd2 Re8+ 16. Be2 Bf5 17. 0-0 Bc2 18. Qe1 Bd3 19. Rc1 Qb2 20. Bxd3 Rxe1 21. Rfxe1 Nd7 22. Bf5 Qxd2 23. Bxd7 bxc4 24. Bc6 1/2-1/2

[Event "Naujac op"]
[Site "Naujac"]
[Date "2008.06.23"]
[Round "3"]
[White "Teyssier, Jean Paul"]
[Black "Trabert, Bettina"]
[Result "0-1"]
[WhiteElo "1726"]
[BlackElo "2272"]
[PlyCount "48"]
[EventDate "2008.06.21"]
[EventType "swiss"]
[EventRounds "9"]
[EventCountry "FRA"]
[SourceTitle "CBM 125 Extra"]
[Source "ChessBase"]
[SourceDate "2008.09.01"]
[SourceVersion "1"]
[SourceVersionDate "2008.09.01"]
[SourceQuality "1"]

1. e4 e5 2. Nf3 Nc6 3. Bc4 Bc5 4. c3 Nf6 5. d4 exd4 6. cxd4 Bb4+ 7. Bd2 Bxd2+ 8. Nbxd2 Nxe4 9. Bxf7+ Kxf7 10. Nxe4 Re8 11. Nfg5+ Qxg5 12. Qf3+ Kg8 13. 0-0 Qg6 14. Rae1 d6 15. Ng5 Bf5 16. Qd5+ Kf8 17. h4 h6 18. f4 Rxe1 19. Rxe1 hxg5 20. fxg5 Qf7 21. Qb5 Nxd4 22. Qxb7 Re8 23. Rxe8+ Qxe8 24. Qb4 Qe3+ 0-1

[Event "Naujac op"]
[Site "Naujac"]
[Date "2008.06.21"]
[Round "1"]
[White "Trabert, Bettina"]
[Black "Ferrandi, Bernard"]
[Result "1-0"]
[WhiteElo "2272"]
[BlackElo "1954"]
[PlyCount "49"]
[EventDate "2008.06.21"]
[EventType "swiss"]
[EventRounds "9"]
[EventCountry "FRA"]
[SourceTitle "CBM 125 Extra"]
[Source "ChessBase"]
[SourceDate "2008.09.01"]
[SourceVersion "1"]
[SourceVersionDate "2008.09.01"]
[SourceQuality "1"]

1. e4 d5 2. exd5 Qxd5 3. Nc3 Qa5 4. d4 Bf5 5. Nf3 c6 6. Bc4 Nd7 7. Qe2 e6 8. Bd2 Bd6 9. Nb5 Bb4 10. Bxb4 Qxb4+ 11. c3 Qa5 12. Nd6+ Kf8 13. Nxb7 Qc7 14. Nc5 Nxc5 15. dxc5 Nf6 16. 0-0 Ne4 17. Qe3 f6 18. Nd4 Qe5 19. b4 Re8 20. Nxc6 Qxc3 21. Qxc3 Nxc3 22. Nxa7 Ra8 23. Nb5 Nd5 24. Bxd5 exd5 25. Rfd1 1-0

[Event "Bad Woerishofen op 24th"]
[Site "Bad Woerishofen"]
[Date "2008.03.07"]
[Round "9"]
[White "Trabert, Bettina"]
[Black "Ballon, Guenther Jan"]
[Result "1-0"]
[WhiteElo "2258"]
[BlackElo "2159"]
[PlyCount "59"]
[EventDate "2008.02.28"]
[EventType "swiss"]
[EventRounds "9"]
[EventCountry "GER"]
[SourceTitle "CBM 123 Extra"]
[Source "ChessBase"]
[SourceDate "2008.05.06"]
[SourceVersion "1"]
[SourceVersionDate "2008.05.06"]
[SourceQuality "1"]

1. e4 e5 2. Nf3 d6 3. d4 Nf6 4. Nc3 exd4 5. Nxd4 Be7 6. Be2 Nbd7 7. Nf5 0-0 8. 0-0 Ne5 9. Nxe7+ Qxe7 10. Bg5 c6 11. f4 Ng6 12. Qd4 h6 13. Bxf6 Qxf6 14. Qxf6 gxf6 15. Rad1 Rd8 16. g4 Kf8 17. Kg2 b6 18. Kg3 Bb7 19. Bf3 Ke7 20. Rd2 Rd7 21. Nd1 Kf8 22. Ne3 Ne7 23. Rfd1 Rad8 24. h4 Kg7 25. c3 Kf8 26. Bg2 Kg7 27. Bh3 c5 28. g5 Rc7 29. gxf6+ Kxf6 30. e5+ 1-0

[Event "Corfu op"]
[Site "Corfu"]
[Date "2007.10.09"]
[Round "8"]
[White "Trabert, Bettina"]
[Black "Wempe, Juergen"]
[Result "1/2-1/2"]
[WhiteElo "2260"]
[BlackElo "2204"]
[PlyCount "71"]
[EventDate "2007.10.01"]
[EventType "swiss"]
[EventRounds "9"]
[EventCountry "GRE"]
[SourceTitle "CBM 120 Extra"]
[Source "ChessBase"]
[SourceDate "2007.11.01"]
[SourceVersion "1"]
[SourceVersionDate "2007.11.01"]
[SourceQuality "1"]

1. e4 c5 2. Nf3 Nf6 3. e5 Nd5 4. Nc3 e6 5. Nxd5 exd5 6. d4 Nc6 7. dxc5 Bxc5 8. Bd3 d6 9. exd6 Qxd6 10. 0-0 0-0 11. c3 Bb6 12. Bc2 Rd8 13. Bg5 f6 14. Bh4 Bg4 15. Qd3 g6 16. Rfe1 Kg7 17. Bg3 Qd7 18. Nh4 d4 19. h3 dxc3 20. Qxd7+ Bxd7 21. bxc3 Re8 22. Rad1 Rxe1+ 23. Rxe1 Ba5 24. Re3 Re8 25. Rd3 Bc8 26. f4 g5 27. fxg5 fxg5 28. Nf3 Bf5 29. Rd2 Bxc2 30. Rxc2 h6 31. Nd4 Bb6 32. Bf2 Kg6 33. Nxc6 Re1+ 34. Kh2 Bxf2 35. Rxf2 bxc6 36. Rd2 1/2-1/2

[Event "Corfu op"]
[Site "Corfu"]
[Date "2007.10.08"]
[Round "7"]
[White "Dettmann, Gerd"]
[Black "Trabert, Bettina"]
[Result "1-0"]
[WhiteElo "2166"]
[BlackElo "2260"]
[PlyCount "95"]
[EventDate "2007.10.01"]
[EventType "swiss"]
[EventRounds "9"]
[EventCountry "GRE"]
[SourceTitle "CBM 120 Extra"]
[Source "ChessBase"]
[SourceDate "2007.11.01"]
[SourceVersion "1"]
[SourceVersionDate "2007.11.01"]
[SourceQuality "1"]

1. d4 d5 2. Nf3 c6 3. e3 Bf5 4. Bd3 Bxd3 5. Qxd3 e6 6. Nc3 f5 7. 0-0 Nd7 8. Ne2 Bd6 9. c4 Qf6 10. b4 e5 11. Qb3 e4 12. Nd2 Ne7 13. b5 Qh6 14. f4 exf3 15. Nxf3 g5 16. g3 Rg8 17. cxd5 cxd5 18. Ba3 Qe6 19. Rac1 h6 20. Bxd6 Qxd6 21. Qd3 Rf8 22. Rc3 Rc8 23. Rxc8+ Nxc8 24. Qc3 Ncb6 25. Ne5 Nxe5 26. dxe5 Qe7 27. Qd4 Qe6 28. Nc3 Rf7 29. a4 Rd7 30. g4 Rf7 31. a5 Nc4 32. Nxd5 Nxe5 33. gxf5 Qd6 34. e4 a6 35. b6 Kf8 36. Kg2 Kg8 37. Rc1 Nc6 38. Qc3 Kh7 39. Rd1 Qf8 40. Nc7 Qe7 41. Ne6 Qe8 42. Rd5 Qe7 43. h3 Qe8 44. Qc5 Qb8 45. Rd6 Qe8 46. Qd5 Qe7 47. Rd7 Qxd7 48. Nf8+ 1-0